Statistics for Champions League Spanish Best Scorer by Year

Click here to take the quiz!

General Stats

  • This quiz has been taken 350 times
    (177 since last reset)
  • The average score is 13 of 27

Answer Stats

Scorer% Correct
Fernando Torres
96%
Ferrán Torres
96%
Álvaro Morata
93%
Raúl
88%
Marco Asensio
76%
David Silva
73%
Fernando Morientes
71%
Pedro
71%
Diego Costa
62%
Gerard Moreno
62%
Thiago Alcántara
62%
Cesc Fàbregas
61%
Saúl Ñíguez
61%
Luis García
48%
Pablo Sarabia
41%
Juan Bernat
35%
Roberto Soldado
31%
Joseba Llorente
22%
Diego Tristán
20%
Martín Vázquez
18%
José Callejón
17%
Iván Helguera
14%
Bakero
12%
Guillermo Amor
8%
Begiristáin
7%
Kiko
7%
Javier Portillo
6%

Score Distribution

Percentile by Number Answered

Percent of People with Each Score

Your Score History

You have not taken this quiz since the last reset